00422nam a2200169Ia 4500003000400000005001700004008004100021020001400062040000700076041000800083082002400091100002000115245004800135260004100183300001500224365001300239OSt20230413100859.0210423s2004 xx 000 0 und d a415336007 cAL aeng a820.9358 223bPARB aPARRY (Benita). aPostcolonial studies: materialist critique. aLondonbRoutledge & Kegan Paulc2004 axi,239bPB b450cINR